000 01045nam a22002537a 4500
999 _c65005
_d65005
005 20240530110802.0
008 190211s2018 ua a a b 000 0 ara d
017 _bمصر. دار الكتب
_a2015/21968
020 _a9789779204369
040 _aEG-CaGPL
_cEG-CaGPL
082 0 4 _221
_a398.5
_bط/م س
100 1 _aمانديلا ، نيلسون
245 1 0 _aسحر ماديبا :
_bاجمل الحكايات الشعبية الافريقية للاطفال /
_cاختيار وتقديم نيلسون مانديلا ؛ ترجمة هالة خيرى شريف
250 _aط.1
260 _aالقاهرة :
_bالمركز القومى للترجمة ،
_c2018 .
300 _a158 ص. ؛
_c20 سم.
504 _aيشتمل على ارجاعات ببلوجرافية
650 0 7 _aالحكايات الشعبية
_2qrmak
650 0 7 _aالحكايات الشعبية
_2qrmak
_zافريقيا
651 _2qrmak
700 0 _aهالة خيرى شريف
_eمترجم
942 _2ddc
_cBK